000 00765nam a2200229Ia 4500
005 20230201135344.0
008 210716s2015 xx 000 0 und d
020 _a9788177221916
040 _cAIMIT LIBRARY
041 _aeng
082 _a658.7
_21
_bMOHR
100 _aMohanty, R P.
_970445
245 _aSupply chain management:
_bTheories and practices /
_cBy R P Mohanty and S G Deshmukh.
250 _a1st ed.
260 _aNew Delhi :
_bBiztantra ,
_c2016.
300 _axv,355p. ;
_c26 cm.
650 _aStrategic decisions in supply chain management
_970446
650 _aSource management in supply chain
_970447
650 _aMathematical modeling for supply chain
_970448
700 _aDeshmukh, S G.
_970449
942 _2ddc
_cBK
_e1st
_k658.7 MOHR
999 _c194896
_d194896